000 00583nam a2200205Ia 4500
005 20250508160030.0
008 008 250505s9999 xx 000 0 eng d
037 _aTextual
040 _aFEDL
_beng
_cFEDL
041 _aeng
_2eng
084 _a378.54, UNI
_qFEDL
245 0 _aUniversity grants commission : Report for the year 1961-1962
245 0 _cU G C
260 _aNew Delhi, India
_bUniversity Grants Commission
_c1963
300 _a36p
365 _aINR
_b2
650 _aHigher education
942 _cTEXL
_h378.54, UNI
999 _c1361225
_d1361225